| 000 | 01093nam0a22003131 4500 | ||
|---|---|---|---|
| 001 | v19\rc\1831655 | ||
| 005 | 20250619140528.0 | ||
| 035 | _a(NLR Aleph) 004927199 | ||
| 090 |
_a5641038 _c5641038 |
||
| 100 | _a20071224d19081908|||y0rusy50 ca | ||
| 101 | 0 | _arus | |
| 102 | _aRU | ||
| 105 | _ay z ||||| | ||
| 200 | 1 |
_aСхема государственного управления... _eДокл. ... прочит. в Рус. монарх. собр. в Москве 31 янв. 1908 г. _f[А.Н. Епифанов] |
|
| 210 |
_aМосква _cРус. печ. _d[1908] |
||
| 215 |
_a6 с. _d26 |
||
| 300 | _aАвт. указан в конце текста | ||
| 309 | _aБез тит. л. и обл. | ||
| 311 | _aОтт. из газ. "Старая Москва" | ||
| 488 | 0 |
_12001#$aСтарая Москва _tСтарая Москва |
|
| 700 | 1 |
_aЕпифанов _bА.Н. |
|
| 801 | 0 |
_aRU _bNLR _gpsbo |
|
| 801 | 0 |
_aRU _bRuMoRGB _2psbo |
|
| 801 | 1 |
_aRU _bProSoft-M _2rusmarc |
|
| 852 |
_aNLR _j20.35.9.464 |
||
| 899 |
_aRuMoRGB _jU 1/106 |
||
| 899 | _aБАН | ||
| 942 | _cBOOK | ||
| 980 | _aNB | ||